[Event "SR 1. liga zapad 2013/2014"]
[Site "?"]
[Date "2013.10.12"]
[Round "6.8"]
[White "Skara, Vladimir"]
[Black "Voros, Gellert"]
[Result "1/2-1/2"]
[WhiteElo "2170"]
[BlackElo "2038"]
[PlyCount "61"]
[EventDate "2013.??.??"]
[WhiteTeam "SK Modra"]
[BlackTeam "KSC Komarno"]

1. e4 e5 2. Nf3 Nc6 3. Bb5 a6 4. Ba4 Nf6 5. O-O Nxe4 6. d4 b5 7. Bb3 d5 8. Nxe5
Nxe5 9. dxe5 c6 10. c3 Bc5 11. Bf4 O-O 12. Nd2 f5 13. exf6 Nxf6 14. Bg5 Kh8 15.
Bc2 Bg4 16. Qb1 Be2 17. Re1 Bxf2+ 18. Kxf2 Ne4+ 19. Kxe2 Rf2+ 20. Kd1 Qxg5 21.
Nf3 Qxg2 22. Bxe4 dxe4 23. Qxe4 Qxf3+ 24. Qxf3 Rxf3 25. Re2 Rf1+ 26. Re1 Rd8+
27. Ke2 Rxe1+ 28. Kxe1 g5 29. Ke2 Kg7 30. Ke3 Kg6 31. a4 1/2-1/2

[Event "SR 1. liga zapad 2013/2014"]
[Site "?"]
[Date "2013.10.13"]
[Round "7.1"]
[White "Farkas, Gabor"]
[Black "Lanc, Alois"]
[Result "1-0"]
[WhiteElo "2307"]
[BlackElo "2355"]
[PlyCount "59"]
[EventDate "2013.??.??"]
[WhiteTeam "NSK Nitra"]
[BlackTeam "Lokomotiva Trnava"]

1. Nf3 d6 2. d4 f5 3. g3 Nf6 4. c4 g6 5. Bg2 Bg7 6. O-O O-O 7. Nc3 Na6 8. Rb1
c5 9. d5 Rb8 10. e4 Nxe4 11. Nxe4 fxe4 12. Ng5 b5 13. Bxe4 Nc7 14. Nxh7 Kxh7
15. Qh5+ Kg8 16. Bxg6 Rf6 17. Qh7+ Kf8 18. Bh6 Rxg6 19. Qh8+ Kf7 20. Qxd8 Rxh6
21. Qxc7 Ra8 22. Rfe1 Bf6 23. Re3 Bg4 24. Rbe1 Rah8 25. h4 Re8 26. cxb5 Rh5 27.
Qxa7 Rxd5 28. b6 c4 29. a4 Rd2 30. b3 1-0

[Event "SR 1. liga zapad 2013/2014"]
[Site "?"]
[Date "2013.10.13"]
[Round "7.2"]
[White "Banas, Jan"]
[Black "Szucs, Vladimir"]
[Result "1-0"]
[WhiteElo "2293"]
[BlackElo "2248"]
[PlyCount "119"]
[EventDate "2013.??.??"]
[WhiteTeam "Lokomotiva Trnava"]
[BlackTeam "NSK Nitra"]

1. c4 c5 2. Nf3 Nc6 3. d4 cxd4 4. Nxd4 g6 5. e4 Nf6 6. Nc3 Nxd4 7. Qxd4 d6 8.
Be2 Bg7 9. Bg5 O-O 10. Qd2 Qa5 11. Rc1 Be6 12. b3 Rfc8 13. O-O a6 14. f4 b5 15.
f5 b4 16. fxe6 bxc3 17. exf7+ Kf8 18. Qe3 Kxf7 19. Rxc3 Kg8 20. Rc2 Nxe4 21.
Bxe7 Qc5 22. Qxc5 dxc5 23. Bf3 Bd4+ 24. Kh1 Ra7 25. Bh4 Nd6 26. Bf2 Bxf2 27.
Rcxf2 a5 28. Rd1 Nf7 29. Bd5 Kg7 30. Rxf7+ Rxf7 31. Bxf7 Kxf7 32. Rd7+ Ke6 33.
Ra7 Ke5 34. h3 Kd4 35. Rxa5 Rc7 36. Kh2 Re7 37. Kg3 Re2 38. Ra7 Kc3 39. Kf3 Rd2
40. Ra5 Kd4 41. h4 Rc2 42. g4 Rh2 43. Kg3 Re2 44. Ra7 Kc3 45. Rxh7 Rxa2 46. Rb7
Ra6 47. Kf4 Rd6 48. Kg5 Re6 49. h5 gxh5 50. gxh5 Re1 51. h6 Rg1+ 52. Kf5 Rh1
53. h7 Rh2 54. Kg6 Rg2+ 55. Kh6 Rh2+ 56. Kg7 Rg2+ 57. Kf8 Rh2 58. Kg8 Rg2+ 59.
Rg7 Rh2 60. Rg3+ 1-0

[Event "SR 1. liga zapad 2013/2014"]
[Site "?"]
[Date "2013.10.13"]
[Round "7.3"]
[White "Gorusa, Miroslav"]
[Black "Vass, Frantisek"]
[Result "1-0"]
[WhiteElo "2146"]
[BlackElo "2283"]
[PlyCount "49"]
[EventDate "2013.??.??"]
[WhiteTeam "NSK Nitra"]
[BlackTeam "Lokomotiva Trnava"]

1. d4 d5 2. c4 Bf5 3. Qb3 e6 4. Qxb7 Nd7 5. Nc3 Rb8 6. Qxa7 Ngf6 7. e3 Ne4 8.
Nxe4 Bxe4 9. c5 e5 10. Ne2 Be7 11. Nc3 exd4 12. exd4 Bf6 13. Nxe4 Bxd4 14. Qa4
Bxb2 15. Bxb2 Rxb2 16. Qd4 Qb8 17. Nc3 O-O 18. Be2 Rb4 19. Qxd5 Nf6 20. Qf3 Ne4
21. Nxe4 Rb1+ 22. Rxb1 Qxb1+ 23. Bd1 Qb4+ 24. Nc3 Re8+ 25. Be2 1-0

[Event "SR 1. liga zapad 2013/2014"]
[Site "?"]
[Date "2013.10.13"]
[Round "7.4"]
[White "Szitkey, Milan"]
[Black "Skreno, Vladimir"]
[Result "1/2-1/2"]
[WhiteElo "2149"]
[BlackElo "2195"]
[PlyCount "83"]
[EventDate "2013.??.??"]
[WhiteTeam "Lokomotiva Trnava"]
[BlackTeam "NSK Nitra"]

1. e4 c5 2. Nf3 Nc6 3. c3 Nf6 4. e5 Nd5 5. d4 cxd4 6. cxd4 d6 7. Bc4 e6 8. Qe2
dxe5 9. dxe5 Be7 10. O-O O-O 11. Rd1 Qa5 12. Nbd2 Nf4 13. Qe4 Ng6 14. Re1 Rd8
15. h4 Nxh4 16. Nxh4 Rd4 17. Qe2 Rxh4 18. Nb3 Qb4 19. Bd3 Nd4 20. Nxd4 Rxd4 21.
a3 Qb3 22. Rd1 Rd5 23. Bf4 Bd7 24. Rac1 Bc6 25. Rc3 Qb6 26. Rdc1 Rad8 27. Be4
Rc5 28. Bxh7+ Kf8 29. Bd3 Kg8 30. Qh5 Rxd3 31. Rxd3 Rxc1+ 32. Bxc1 Qc5 33. Rc3
Qd5 34. Rg3 Bf8 35. Qe2 Bc5 36. Bd2 a6 37. Bc3 Be7 38. Qd3 Qa2 39. Rh3 g6 40.
Qe3 Qd5 41. Rg3 Bh4 42. Kh2 1/2-1/2

[Event "SR 1. liga zapad 2013/2014"]
[Site "?"]
[Date "2013.10.13"]
[Round "7.5"]
[White "Pales, Dusan"]
[Black "Drtina, Milan"]
[Result "1/2-1/2"]
[WhiteElo "2014"]
[BlackElo "2135"]
[PlyCount "47"]
[EventDate "2013.??.??"]
[WhiteTeam "NSK Nitra"]
[BlackTeam "Lokomotiva Trnava"]

1. e4 e5 2. d4 exd4 3. Nf3 d6 4. Nxd4 Nf6 5. Nc3 Be7 6. Bc4 O-O 7. O-O c6 8.
Bb3 Nbd7 9. Be3 Nc5 10. f3 Nxb3 11. axb3 d5 12. exd5 Nxd5 13. Nxd5 Qxd5 14. Qe2
Bf6 15. Rad1 a6 16. Rfe1 h6 17. Qf2 Re8 18. Ne2 Qf5 19. Ng3 Qg6 20. c4 Bh4 21.
Bf4 Be6 22. Qb6 Bxg3 23. Bxg3 Qc2 24. Qxb7 1/2-1/2

[Event "SR 1. liga zapad 2013/2014"]
[Site "?"]
[Date "2013.10.13"]
[Round "7.6"]
[White "Nicolini, Alexander"]
[Black "Dlhy, Jozef"]
[Result "1-0"]
[WhiteElo "2151"]
[BlackElo "2057"]
[PlyCount "85"]
[EventDate "2013.??.??"]
[WhiteTeam "Lokomotiva Trnava"]
[BlackTeam "NSK Nitra"]

1. e4 c6 2. d4 d5 3. exd5 cxd5 4. Bd3 Nc6 5. c3 g6 6. Nf3 Nh6 7. O-O Bg7 8. Re1
O-O 9. h3 Nf5 10. Bf4 Nd6 11. Bh2 Bf5 12. Bxd6 Qxd6 13. Bxf5 gxf5 14. Qe2 e6
15. Nbd2 Rac8 16. Ne5 Nxe5 17. dxe5 Qb6 18. Nf3 Kh8 19. Rad1 Rc4 20. Nd4 a6 21.
g4 fxg4 22. hxg4 Rg8 23. Rd3 Bf8 24. Kg2 Qd8 25. Rh3 Qg5 26. f3 Rg6 27. Reh1 h6
28. Rh5 Qf4 29. Qd3 Rc7 30. Ne2 Qc4 31. Qd2 Kg8 32. Nf4 d4 33. cxd4 Qc2 34. Rd1
Rg5 35. Rh2 Qc6 36. Kg3 Bg7 37. Qe3 Qa4 38. b3 Qa3 39. Re2 a5 40. Qd3 Qb4 41.
Rc2 Rd7 42. Rc8+ Bf8 43. Nh5 1-0

[Event "SR 1. liga zapad 2013/2014"]
[Site "?"]
[Date "2013.10.13"]
[Round "7.7"]
[White "Danko, Dusan"]
[Black "Arendas, Marek"]
[Result "0-1"]
[WhiteElo "1875"]
[BlackElo "2096"]
[PlyCount "112"]
[EventDate "2013.??.??"]
[WhiteTeam "NSK Nitra"]
[BlackTeam "Lokomotiva Trnava"]

1. d4 d5 2. c4 c6 3. cxd5 cxd5 4. Nc3 g6 5. Bg5 Bg7 6. e3 Nf6 7. Bb5+ Bd7 8.
Bxd7+ Qxd7 9. Bxf6 Bxf6 10. Qf3 O-O 11. Qxd5 Qc7 12. Nge2 Nc6 13. O-O Rfd8 14.
Qf3 Bg7 15. Rac1 Qb6 16. Na4 Qb4 17. b3 Rac8 18. Nc5 Na5 19. Qg4 e6 20. Nd3 Qd2
21. Rxc8 Rxc8 22. Nef4 h5 23. Qh3 Rc3 24. Qh4 Nc6 25. Ne1 Qxa2 26. d5 exd5 27.
Nxd5 Rxb3 28. Qe4 Rb5 29. Qe8+ Kh7 30. Ne7 Nxe7 31. Qxb5 Qd5 32. Qb4 Qd7 33.
Nf3 Nd5 34. Qb3 Nc3 35. Ng5+ Kg8 36. Kh1 a5 37. h3 a4 38. Qc2 Qb5 39. Re1 Qxg5
40. f4 Qf5 41. Qd2 Qd5 42. Qc1 Qe4 43. Kh2 b5 44. Qd2 Qd5 45. Qc2 f5 46. g4
hxg4 47. hxg4 Qa2 48. Qxa2+ Nxa2 49. gxf5 gxf5 50. e4 fxe4 51. Rxe4 Nc3 52.
Re8+ Kf7 53. Ra8 Bf8 54. Kh3 a3 55. Kg4 a2 56. Kf5 Na4 0-1

[Event "SR 1. liga zapad 2013/2014"]
[Site "?"]
[Date "2013.10.13"]
[Round "7.8"]
[White "Puskar, Peter"]
[Black "Geleta, Andrej"]
[Result "1-0"]
[WhiteElo "2063"]
[BlackElo "1843"]
[PlyCount "63"]
[EventDate "2013.??.??"]
[WhiteTeam "Lokomotiva Trnava"]
[BlackTeam "NSK Nitra"]

1. d4 d5 2. c4 Nc6 3. Nf3 Nf6 4. e3 Bg4 5. Nbd2 e5 6. Be2 exd4 7. Nxd4 Nxd4 8.
exd4 Bxe2 9. Qxe2+ Qe7 10. Qxe7+ Bxe7 11. c5 O-O 12. O-O Nd7 13. b4 Bf6 14. Nb3
Rfe8 15. Bf4 Bxd4 16. Nxd4 Re4 17. Be3 Ne5 18. a3 a6 19. Rad1 c6 20. Nf5 Rg4
21. f3 Rc4 22. Bd4 f6 23. Ne3 Ng6 24. Nxc4 dxc4 25. Rc1 Rd8 26. Rxc4 Kf7 27. g3
h5 28. Kg2 h4 29. Re1 hxg3 30. hxg3 Ne7 31. Bf2 Rd3 32. Rd4 1-0

[Event "SR 1. liga zapad 2013/2014"]
[Site "?"]
[Date "2013.10.13"]
[Round "8.1"]
[White "Gazik, Igor"]
[Black "Pagerka, Martin"]
[Result "1-0"]
[WhiteElo "2321"]
[BlackElo "2224"]
[PlyCount "113"]
[EventDate "2013.??.??"]
[WhiteTeam "SK Prievidza"]
[BlackTeam "SK Osuske"]

1. d4 Nf6 2. Nf3 g6 3. g3 Bg7 4. c4 d5 5. cxd5 Nxd5 6. Bg2 O-O 7. O-O h6 8. Nc3
c6 9. Nxd5 Qxd5 10. Bf4 Bf5 11. Qd2 Be4 12. Bxh6 Bxh6 13. Qxh6 Bxf3 14. Bxf3
Qxd4 15. b3 Rd8 16. Rfd1 Qxd1+ 17. Rxd1 Rxd1+ 18. Kg2 Nd7 19. Qg5 Re8 20. Qa5
Ra8 21. Qb4 Nb6 22. Qxe7 Rd7 23. Qc5 Nd5 24. h4 Re7 25. Qd4 Rd7 26. h5 gxh5 27.
Bxh5 Rd6 28. Qh4 Rad8 29. Qg4+ Kf8 30. e4 Ne7 31. Qf4 Ng6 32. Qg5 Ne7 33. f4 f5
34. exf5 Nd5 35. Bf3 Nf6 36. g4 R8d7 37. Qh6+ Kg8 38. Qh4 Rd2+ 39. Kg3 R2d6 40.
Qh1 Rd3 41. Qe1 Kf8 42. Qe6 Nxg4 43. Kxg4 Rg7+ 44. Kh4 Rxf3 45. Qd6+ Kf7 46.
Qe6+ Kf8 47. Qd6+ Kf7 48. f6 Rgg3 49. Qe7+ Kg6 50. Qg7+ Kf5 51. Qxg3 Rxg3 52.
f7 Rg4+ 53. Kh3 Rxf4 54. f8=Q+ Ke4 55. Qb4+ Kf3 56. Qxb7 Rf6 57. Qg7 1-0

[Event "SR 1. liga zapad 2013/2014"]
[Site "?"]
[Date "2013.10.13"]
[Round "8.2"]
[White "Jozefek, Michal"]
[Black "Dobrotka, Martin"]
[Result "1-0"]
[WhiteElo "2168"]
[BlackElo "2218"]
[PlyCount "85"]
[EventDate "2013.??.??"]
[WhiteTeam "SK Osuske"]
[BlackTeam "SK Prievidza"]

1. d4 d6 2. Nf3 Nf6 3. c4 g6 4. Nc3 Bg7 5. e4 O-O 6. Be2 Nc6 7. O-O e5 8. d5
Ne7 9. Ne1 Ne8 10. Nd3 c5 11. b4 cxb4 12. Nxb4 f5 13. Bf3 Rf7 14. Nd3 Nf6 15.
Ba3 fxe4 16. Bxe4 Bf5 17. Re1 b6 18. Qb3 Rc8 19. Rac1 Bxe4 20. Nxe4 Nxe4 21.
Rxe4 Nf5 22. Bb2 Qg5 23. g3 Nh6 24. f4 Qf5 25. Rce1 Rcf8 26. fxe5 dxe5 27. Qd1
Qh3 28. Rh4 Qc8 29. Bxe5 Nf5 30. Rf4 Bh6 31. Rfe4 Ne3 32. R4xe3 Bxe3+ 33. Rxe3
Qxc4 34. Nf4 Qxa2 35. d6 g5 36. Qg4 Rf5 37. Re2 Qb1+ 38. Kg2 h6 39. d7 Qd1 40.
Qh5 Rxe5 41. Qg6+ Kh8 42. Qxh6+ Kg8 43. Rxe5 1-0

[Event "SR 1. liga zapad 2013/2014"]
[Site "?"]
[Date "2013.10.13"]
[Round "8.3"]
[White "Kaniansky, Miroslav"]
[Black "Bury, Rastislav"]
[Result "1/2-1/2"]
[WhiteElo "2203"]
[BlackElo "2120"]
[PlyCount "60"]
[EventDate "2013.??.??"]
[WhiteTeam "SK Prievidza"]
[BlackTeam "SK Osuske"]

1. d4 Nf6 2. Nf3 e6 3. c4 Bb4+ 4. Bd2 Qe7 5. Nc3 Bxc3 6. Bxc3 Ne4 7. Qc2 Nxc3
8. Qxc3 O-O 9. e4 d6 10. Bd3 Nd7 11. e5 c5 12. O-O cxd4 13. Qxd4 dxe5 14. Nxe5
Qc5 15. Qe4 Nf6 16. Qf4 b6 17. Be4 Nxe4 18. Qxe4 Rb8 19. Rad1 Rb7 20. Rd4 f6
21. Nd3 Qa5 22. a3 e5 23. Rd6 Rd7 24. Rxd7 Bxd7 25. b4 Qa4 26. Qd5+ Kh8 27. c5
Bb5 28. cxb6 axb6 29. Nb2 Qa6 30. Ra1 Rc8 1/2-1/2

[Event "SR 1. liga zapad 2013/2014"]
[Site "?"]
[Date "2013.10.13"]
[Round "8.4"]
[White "Kimerling, Martin"]
[Black "Lakatos, Vladimir"]
[Result "1-0"]
[WhiteElo "2109"]
[BlackElo "2158"]
[PlyCount "67"]
[EventDate "2013.??.??"]
[WhiteTeam "SK Osuske"]
[BlackTeam "SK Prievidza"]

1. d4 Nf6 2. c4 c5 3. d5 b5 4. cxb5 a6 5. b6 Qxb6 6. Nc3 d6 7. a4 a5 8. e4 Ba6
9. Bxa6 Nxa6 10. Nf3 g6 11. O-O Bg7 12. Nd2 Nb4 13. Nc4 Qb8 14. Qe2 O-O 15. Bg5
Re8 16. Rad1 Nd7 17. Nb5 Ne5 18. Ne3 Nd7 19. f4 Nb6 20. b3 Nc8 21. f5 Na7 22.
Ng4 Nxb5 23. axb5 f6 24. Nh6+ Bxh6 25. Bxh6 Kf7 26. e5 dxe5 27. d6 e6 28. d7
Rd8 29. fxe6+ Ke7 30. Qf2 f5 31. Qxc5+ Kxe6 32. Bg5 Rxd7 33. Rxd7 Kxd7 34. Rd1+
1-0

[Event "SR 1. liga zapad 2013/2014"]
[Site "?"]
[Date "2013.10.13"]
[Round "8.5"]
[White "Pinter, Patrik"]
[Black "Jablonicky, Martin"]
[Result "1/2-1/2"]
[WhiteElo "2162"]
[BlackElo "1967"]
[PlyCount "141"]
[EventDate "2013.??.??"]
[WhiteTeam "SK Prievidza"]
[BlackTeam "SK Osuske"]

1. e4 c5 2. Nf3 d6 3. d4 cxd4 4. Nxd4 Nf6 5. Nc3 Nc6 6. Be2 g6 7. O-O Bg7 8.
Be3 O-O 9. Kh1 Bd7 10. f4 Qa5 11. Bf3 Rac8 12. Nb3 Qd8 13. Qe2 a6 14. a4 Na5
15. Nd2 b5 16. axb5 axb5 17. e5 dxe5 18. fxe5 Ne8 19. Nd5 Nc4 20. Nxc4 Rxc4 21.
Bb6 Qb8 22. Ra8 Qxe5 23. Nxe7+ Kh8 24. Qxe5 Bxe5 25. Rd8 Be6 26. Bc6 Bd6 27.
Rxe8 Bxe7 28. Bxb5 Rxe8 29. Bxe8 Rxc2 30. Ba4 Re2 31. Bd1 Rd2 32. Ba5 Rd7 33.
Bc3+ f6 34. Bf3 Kg7 35. Rc1 Kf7 36. Be1 Bb3 37. Kg1 f5 38. Kf1 Bf6 39. Bc3 Bg5
40. Ra1 Bd2 41. Ra3 Bc4+ 42. Be2 Bxe2+ 43. Kxe2 Bxc3 44. Rxc3 Ke6 45. Re3+ Kf6
46. Rd3 Rb7 47. b3 g5 48. Kd2 f4 49. h3 Ke5 50. Rc3 h5 51. Rc5+ Kd4 52. Rxg5
Rxb3 53. Ke2 Ke4 54. Rxh5 Rb2+ 55. Kf1 Rb1+ 56. Kf2 Rb2+ 57. Kg1 Rb1+ 58. Kh2
Rb2 59. Rh8 f3 60. Re8+ Kd3 61. Kg3 fxg2 62. Kh2 Kd4 63. h4 Kd5 64. Re1 g1=Q+
65. Kxg1 Rb4 66. h5 Rh4 67. Ra1 Ke5 68. Kg2 Kf6 69. Ra5 Kg7 70. Kg3 Rh1 71. Kg4
1/2-1/2

[Event "SR 1. liga zapad 2013/2014"]
[Site "?"]
[Date "2013.10.13"]
[Round "8.6"]
[White "Jablonicky, Frantisek"]
[Black "Hanko, Pavol"]
[Result "0-1"]
[WhiteElo "2146"]
[BlackElo "2141"]
[PlyCount "100"]
[EventDate "2013.??.??"]
[WhiteTeam "SK Osuske"]
[BlackTeam "SK Prievidza"]

1. g3 g6 2. f4 d5 3. Bg2 Bg7 4. Nf3 Nf6 5. O-O O-O 6. d3 c5 7. Qe1 Nc6 8. e4
dxe4 9. dxe4 b6 10. Nc3 Ba6 11. Rf2 e6 12. e5 Ng4 13. Rd2 Qc7 14. Ne4 Rad8 15.
h3 Nh6 16. g4 Nb4 17. Nf6+ Kh8 18. Qh4 Bb7 19. Ng5 Bxg2 20. Kxg2 Rxd2+ 21. Bxd2
Nxc2 22. Rf1 Rd8 23. Rf2 Nb4 24. Bxb4 cxb4 25. Nfxh7 Qc6+ 26. Kh2 Rd1 27. Rg2
Qc1 28. Qf2 Rf1 29. Qd2 Qxd2 30. Rxd2 Rxf4 31. Rd8+ Ng8 32. Nf6 Bxf6 33. exf6
Rxf6 34. Rd7 Nh6 35. Kg3 a5 36. Rd6 Rf1 37. Ne4 Ra1 38. Kf4 Rxa2 39. Rd8+ Kg7
40. g5 Ng8 41. Nd6 Rxb2 42. Ne8+ Kh7 43. Kf3 Rb1 44. Ke2 b3 45. Rd7 b2 46.
Rxf7+ Kh8 47. Rf8 Re1+ 48. Kxe1 b1=Q+ 49. Kf2 Qc2+ 50. Kg3 Qc5 0-1

[Event "SR 1. liga zapad 2013/2014"]
[Site "?"]
[Date "2013.10.13"]
[Round "8.7"]
[White "Huba, Martin"]
[Black "Polasek, Filip"]
[Result "0-1"]
[WhiteElo "2184"]
[BlackElo "2085"]
[PlyCount "62"]
[EventDate "2013.??.??"]
[WhiteTeam "SK Prievidza"]
[BlackTeam "SK Osuske"]

1. e4 e5 2. Nf3 Nc6 3. Bc4 Bc5 4. O-O Nf6 5. d3 O-O 6. c3 d5 7. exd5 Nxd5 8. b4
Be7 9. Re1 Bg4 10. h3 Bh5 11. g4 Bg6 12. Nxe5 Nxe5 13. Rxe5 Nb6 14. Bb3 Bf6 15.
Re3 Bg5 16. Rf3 Bxc1 17. Qxc1 Bxd3 18. Nd2 Bg6 19. Nf1 a5 20. a4 c6 21. Ng3
axb4 22. cxb4 Qd4 23. Rf4 Qe5 24. Ra2 Nd5 25. Rc4 Bd3 26. Rc5 b6 27. Bxd5 bxc5
28. Bxc6 cxb4 29. Rd2 Rad8 30. Qd1 Qc7 31. Bf3 Bg6 0-1

[Event "SR 1. liga zapad 2013/2014"]
[Site "?"]
[Date "2013.10.13"]
[Round "9.1"]
[White "Schwarz, Dusan"]
[Black "Motuz, Karol"]
[Result "1/2-1/2"]
[WhiteElo "2390"]
[BlackElo "2305"]
[Annotator "Janko"]
[PlyCount "72"]
[EventDate "2013.??.??"]
[WhiteTeam "SK Doprastav Bratislava B"]
[BlackTeam "SKS Povazska Bystrica"]

1. d4 e6 2. c4 f5 3. Nf3 Nf6 4. g3 d5 5. Bg2 c6 6. O-O Bd6 7. b3 Qe7 8. Qc2 O-O
9. Ne5 Nbd7 10. Bb2 Ne4 11. Nd2 Nxe5 12. dxe5 Bc5 13. e3 b6 14. Nf3 Bb7 15. Nd4
Rfd8 16. Rfd1 Rac8 17. Rac1 Bxd4 18. exd4 dxc4 19. Qxc4 c5 20. dxc5 Rxd1+ 21.
Rxd1 Rxc5 22. Qd3 Rd5 23. Qb1 Qc5 24. Bxe4 fxe4 25. Rc1 Qf8 26. Qc2 Qf3 27. Qc7
Rd1+ 28. Rxd1 Qxd1+ 29. Kg2 Qf3+ 30. Kh3 Qf5+ 31. Kg2 Qf3+ 32. Kh3 Qf5+ 33. Kg2
Ba6 34. Qb8+ Qf8 35. Qxf8+ Kxf8 36. g4 Bd3 1/2-1/2

[Event "SR 1. liga zapad 2013/2014"]
[Site "?"]
[Date "2013.10.13"]
[Round "9.2"]
[White "Chovanec, Milan"]
[Black "Hajek, Lukas"]
[Result "1/2-1/2"]
[WhiteElo "2147"]
[BlackElo "2168"]
[Annotator "Janko"]
[PlyCount "28"]
[EventDate "2013.??.??"]
[WhiteTeam "SKS Povazska Bystrica"]
[BlackTeam "SK Doprastav Bratislava B"]

1. e4 e6 2. Nc3 d5 3. Nf3 Nf6 4. e5 Nfd7 5. d4 c5 6. dxc5 Bxc5 7. Bd3 Nc6 8.
Qe2 Nb4 9. O-O Nxd3 10. cxd3 O-O 11. Bg5 f6 12. exf6 Nxf6 13. Rac1 Bd6 14. Bh4
Bd7 1/2-1/2

[Event "SR 1. liga zapad 2013/2014"]
[Site "?"]
[Date "2013.10.13"]
[Round "9.3"]
[White "Novak, Ivan"]
[Black "Jakubek, Peter"]
[Result "1-0"]
[WhiteElo "2188"]
[BlackElo "2140"]
[Annotator "Janko"]
[PlyCount "119"]
[EventDate "2013.??.??"]
[WhiteTeam "SK Doprastav Bratislava B"]
[BlackTeam "SKS Povazska Bystrica"]

1. e4 c6 2. Nf3 d5 3. Nc3 Bg4 4. Be2 Nf6 5. Ne5 Bxe2 6. Qxe2 dxe4 7. Nxe4 Nxe4
8. Qxe4 Qd5 9. d3 Qxe4+ 10. dxe4 f6 11. Nd3 e5 12. f4 Nd7 13. fxe5 Nxe5 14.
Nxe5 fxe5 15. Be3 Bb4+ 16. Ke2 Ba5 17. Rhf1 O-O-O 18. Rf7 Rd7 19. Rxd7 Kxd7 20.
Bxa7 b6 21. b4 Bxb4 22. Bxb6 c5 23. a4 Kc6 24. a5 Re8 25. Kd3 Kb5 26. Rb1 c4+
27. Ke2 c3 28. a6 Kxb6 29. Rxb4+ Kxa6 30. Rc4 Kb5 31. Rxc3 Re7 32. Rc8 Kb4 33.
Ke3 Kb5 34. g3 Kb6 35. Kf3 Rf7+ 36. Kg4 Rf2 37. h4 Rf7 38. Re8 Kc5 39. Rxe5+
Kd4 40. Re8 Rc7 41. e5 Kd5 42. h5 Rxc2 43. Re7 h6 44. Rxg7 Kxe5 45. Rg6 Rc4+
46. Kh3 Rc1 47. Rxh6 Kf5 48. g4+ Kf4 49. Rf6+ Kg5 50. Rf5+ Kh6 51. Ra5 Rh1+ 52.
Kg3 Rg1+ 53. Kf3 Rf1+ 54. Kg2 Rb1 55. Ra6+ Kg5 56. Rg6+ Kf4 57. h6 Rb2+ 58. Kf1
Kf3 59. Ke1 Rh2 60. g5 1-0

[Event "SR 1. liga zapad 2013/2014"]
[Site "?"]
[Date "2013.10.13"]
[Round "9.4"]
[White "Obona, Jan"]
[Black "Todor, Razvan"]
[Result "1/2-1/2"]
[WhiteElo "2140"]
[BlackElo "2161"]
[Annotator "Janko"]
[PlyCount "36"]
[EventDate "2013.??.??"]
[WhiteTeam "SKS Povazska Bystrica"]
[BlackTeam "SK Doprastav Bratislava B"]

1. Nf3 c5 2. g3 Nc6 3. Bg2 g6 4. O-O Bg7 5. c4 Nf6 6. d4 cxd4 7. Nxd4 O-O 8.
Nc3 d6 9. Nxc6 bxc6 10. Bxc6 Rb8 11. b3 Bh3 12. Bd2 Bxf1 13. Qxf1 Qa5 14. Qe1
Qc5 15. Bf3 Nd7 16. Rc1 Ne5 17. Bg2 Qa3 18. Rc2 Rfc8 1/2-1/2

[Event "SR 1. liga zapad 2013/2014"]
[Site "?"]
[Date "2013.10.13"]
[Round "9.5"]
[White "Bednar, Jan"]
[Black "Kvassay, Peter"]
[Result "1-0"]
[WhiteElo "2185"]
[BlackElo "2042"]
[Annotator "Janko"]
[PlyCount "85"]
[EventDate "2013.??.??"]
[WhiteTeam "SK Doprastav Bratislava B"]
[BlackTeam "SKS Povazska Bystrica"]

1. d4 d5 2. c4 e6 3. Nc3 Nf6 4. Bg5 Be7 5. e3 O-O 6. Nf3 Nbd7 7. Rc1 c6 8. Bd3
h6 9. Bh4 dxc4 10. Bxc4 Nd5 11. Bxe7 Qxe7 12. Ne4 N5b6 13. Bb3 e5 14. Ng3 e4
15. Nd2 Nf6 16. O-O Re8 17. Bc2 Bg4 18. Qe1 Qe6 19. b3 Qd5 20. Ndxe4 Nxe4 21.
Bxe4 Qg5 22. Rc5 Qe7 23. h3 Be6 24. Bb1 Nd5 25. Qd2 Qh4 26. Nf5 Qg5 27. f4 Qf6
28. Nd6 Re7 29. e4 Nb6 30. e5 Qh4 31. f5 Bd5 32. Rf4 Qg5 33. Ne4 Bxe4 34. Bxe4
f6 35. Qf2 Rd8 36. Rg4 Qh5 37. exf6 Red7 38. Bf3 Qe8 39. Re5 Qf8 40. Re6 Re8
41. fxg7 Rxg7 42. Rxg7+ Kxg7 43. Qg3+ 1-0

[Event "SR 1. liga zapad 2013/2014"]
[Site "?"]
[Date "2013.10.13"]
[Round "9.6"]
[White "Capak, Stefan"]
[Black "Danada, Tomas"]
[Result "1/2-1/2"]
[WhiteElo "2040"]
[BlackElo "2099"]
[Annotator "Janko"]
[PlyCount "45"]
[EventDate "2013.??.??"]
[WhiteTeam "SKS Povazska Bystrica"]
[BlackTeam "SK Doprastav Bratislava B"]

1. d4 g6 2. g3 Bg7 3. Bg2 Nf6 4. Nf3 O-O 5. O-O d6 6. c4 c6 7. Nc3 Nbd7 8. e4
e5 9. d5 Nc5 10. Qe2 a5 11. b3 cxd5 12. cxd5 Bd7 13. Nd2 b5 14. Nxb5 Bxb5 15.
Qxb5 Qe7 16. Ba3 Bh6 17. Qe2 Bxd2 18. Bxc5 Bb4 19. Be3 Ba3 20. Bc1 Bc5 21. Be3
Ba3 22. Bc1 Bc5 23. Be3 1/2-1/2

[Event "SR 1. liga zapad 2013/2014"]
[Site "?"]
[Date "2013.10.13"]
[Round "9.7"]
[White "Karas, Marek"]
[Black "Belak, Stefan"]
[Result "1-0"]
[WhiteElo "2037"]
[BlackElo "1984"]
[Annotator "Janko"]
[PlyCount "85"]
[EventDate "2013.??.??"]
[WhiteTeam "SK Doprastav Bratislava B"]
[BlackTeam "SKS Povazska Bystrica"]

1. d4 d5 2. c4 Nc6 3. Nc3 dxc4 4. d5 Ne5 5. f4 Ng6 6. e4 e6 7. Bxc4 exd5 8.
Bxd5 Be7 9. Qb3 c6 10. Bxf7+ Kf8 11. Nf3 Qb6 12. Qc4 Qc5 13. Qb3 Qb6 14. Qxb6
axb6 15. Bxg6 hxg6 16. Ne5 Bh4+ 17. Ke2 Ne7 18. Be3 Ra6 19. Rad1 Kg8 20. Rd8+
Kh7 21. Rxh8+ Kxh8 22. Nf7+ Kg8 23. Nd6 Bg4+ 24. Kd3 Nc8 25. Nc4 Be6 26. a3 Be7
27. Ne5 Kh7 28. h3 Nd6 29. Nf3 Bc4+ 30. Kc2 Bg8 31. Rd1 Nc4 32. Bc1 Ra8 33. Rd7
Bc5 34. Rxb7 Rd8 35. Ng5+ Kh8 36. Nf7+ Bxf7 37. Rxf7 Be3 38. Rc7 Bxc1 39. Kxc1
Ne3 40. Rxc6 Nxg2 41. Rxg6 Nxf4 42. Rg3 b5 43. Kc2 1-0

[Event "SR 1. liga zapad 2013/2014"]
[Site "?"]
[Date "2013.10.13"]
[Round "9.8"]
[White "Gombar, Peter"]
[Black "Polacik, Igor"]
[Result "1/2-1/2"]
[WhiteElo "1972"]
[BlackElo "2168"]
[Annotator "Janko"]
[PlyCount "33"]
[EventDate "2013.??.??"]
[WhiteTeam "SKS Povazska Bystrica"]
[BlackTeam "SK Doprastav Bratislava B"]

1. e4 c5 2. Nf3 Nc6 3. d4 cxd4 4. Nxd4 g6 5. Be3 Bg7 6. Nc3 Nf6 7. Bc4 O-O 8.
f3 Qb6 9. Bb3 Nxe4 10. Nd5 Qa5+ 11. c3 Nf6 12. Nxc6 dxc6 13. Nxe7+ Kh8 14. Nxc8
Raxc8 15. O-O Rcd8 16. Qc2 Nd5 17. Bxd5 1/2-1/2

[Event "SR 1. liga zapad 2013/2014"]
[Site "?"]
[Date "2013.10.13"]
[Round "10.1"]
[White "Zetocha, Claudiu"]
[Black "Bombek, Peter"]
[Result "1/2-1/2"]
[WhiteElo "2363"]
[BlackElo "2219"]
[PlyCount "148"]
[EventDate "2013.??.??"]
[WhiteTeam "SK Slovan Bratislava C"]
[BlackTeam "SKS Dubnica n/Vahom B"]

1. c4 e6 2. Nf3 d5 3. b3 c5 4. g3 Nc6 5. Bg2 Nf6 6. O-O Be7 7. a3 O-O 8. d3 b6
9. Bb2 Bb7 10. e3 Qd6 11. Qc2 Rad8 12. Rd1 e5 13. cxd5 Nxd5 14. Nbd2 f6 15. d4
cxd4 16. exd4 Nxd4 17. Nxd4 exd4 18. Ne4 Qc6 19. Qxc6 Bxc6 20. Bxd4 f5 21. Nd2
Rc8 22. Rac1 Ba8 23. b4 Nf6 24. Bxa8 Rxa8 25. Re1 Bd6 26. Nc4 Rad8 27. Bxf6
Rxf6 28. Nxd6 Rfxd6 29. Re7 R6d7 30. Rc7 Rxe7 31. Rxe7 a5 32. bxa5 bxa5 33. Re5
a4 34. Ra5 Rd4 35. Kg2 f4 36. g4 h6 37. h4 Kh7 38. Ra6 Rc4 39. Ra7 Rd4 40. Ra6
Rc4 41. g5 hxg5 42. hxg5 Rd4 43. Kf3 Rd3+ 44. Ke4 Rxa3 45. Kf5 Rb3 46. Rxa4
Rb5+ 47. Kg4 g6 48. Rxf4 Kg7 49. Ra4 Rf5 50. Ra7+ Kg8 51. f4 Rb5 52. Kf3 Rb4
53. Ke3 Rc4 54. Rd7 Ra4 55. Rd4 Ra7 56. Ke4 Kf7 57. Rd6 Ra5 58. Rd5 Ra7 59. Ke5
Re7+ 60. Kd4 Rc7 61. Rd6 Ra7 62. Ke5 Ra5+ 63. Rd5 Ra7 64. Rc5 Re7+ 65. Kd4 Ra7
66. Rc6 Rd7+ 67. Ke5 Re7+ 68. Kd5 Ra7 69. Kd6 Ra5 70. Rc7+ Kf8 71. Rc5 Ra7 72.
Ke6 Rf7 73. f5 Rxf5 74. Rxf5+ gxf5 1/2-1/2